[Event "Kishinev Svetushkin Cup"]
[Site "Kishinev"]
[Date "2024.07.31"]
[Round "5"]
[White "Van Foreest, Lucas"]
[Black "Baranciuc, Alexandr"]
[Result "1-0"]
[WhiteElo "2535"]
[BlackElo "2332"]
[PlyCount "55"]
[EventDate "2024.07.28"]
[EventType "tourn"]
[EventRounds "9"]
[EventCountry "MDA"]
[EventCategory "9"]
[SourceTitle "CBM 221 Extra"]
[Source "ChessBase"]
[SourceDate "2024.09.30"]
[SourceVersion "1"]
[SourceVersionDate "2024.09.30"]
[SourceQuality "1"]

1. e4 e5 2. Nf3 Nc6 3. Bb5 a6 4. Ba4 d6 5. 0-0 Bd7 6. c3 g5 7. d4 g4 8. Ne1 h5 9. f4 exd4 10. cxd4 d5 11. Nc3 dxe4 12. f5 Nb4 13. a3 Bxa4 14. Qxa4+ b5 15. Qd1 Nd5 16. Nxe4 Ngf6 17. Bg5 Be7 18. Nc3 Nb6 19. Nc2 0-0 20. Qe1 Kg7 21. Qh4 Rh8 22. Rae1 Rh7 23. Re5 Qf8 24. Ne4 Nbd7 25. Bxf6+ Nxf6 26. Qg5+ Kh8 27. Nxf6 Bd8 28. Nxh7 1-0

[Event "Brasov op"]
[Site "Brasov"]
[Date "2024.07.20"]
[Round "8"]
[White "Manolache, Marius"]
[Black "Van Foreest, Lucas"]
[Result "1-0"]
[WhiteElo "2388"]
[BlackElo "2535"]
[PlyCount "31"]
[EventDate "2024.07.15"]
[EventType "swiss"]
[EventRounds "9"]
[EventCountry "ROU"]
[SourceTitle "CBM 221 Extra"]
[Source "ChessBase"]
[SourceDate "2024.09.30"]
[SourceVersion "1"]
[SourceVersionDate "2024.09.30"]
[SourceQuality "1"]

1. d4 d5 2. Nf3 Nf6 3. c4 e6 4. Nc3 dxc4 5. e3 a6 6. Bxc4 b5 7. Be2 Bb7 8. 0-0 Nbd7 9. a4 b4 10. Nb1 Be7 11. Nbd2 c5 12. Nc4 Ne4 13. Nfe5 Ndf6 14. a5 0-0 15. Nb6 Rb8 16. f3 1-0

[Event "Brasov op"]
[Site "Brasov"]
[Date "2024.07.18"]
[Round "6"]
[White "Ciolacu, Alessia Mihaela"]
[Black "Van Foreest, Lucas"]
[Result "0-1"]
[WhiteElo "2167"]
[BlackElo "2535"]
[PlyCount "66"]
[EventDate "2024.07.15"]
[EventType "swiss"]
[EventRounds "9"]
[EventCountry "ROU"]
[SourceTitle "CBM 221 Extra"]
[Source "ChessBase"]
[SourceDate "2024.09.30"]
[SourceVersion "1"]
[SourceVersionDate "2024.09.30"]
[SourceQuality "1"]

1. d4 g6 2. c4 Bg7 3. Nc3 c5 4. e3 Nf6 5. Nf3 cxd4 6. Nxd4 0-0 7. Be2 d5 8. 0-0 Nc6 9. cxd5 Nxd5 10. Nxd5 Qxd5 11. Nb5 Qc5 12. e4 a6 13. Nc7 Rd8 14. Be3 Qe5 15. Qxd8+ Nxd8 16. Nxa8 Qxb2 17. Rac1 Nc6 18. Bc4 Bd4 19. Rb1 Qa3 20. Bd5 Bxe3 21. Rb3 Bxf2+ 22. Rxf2 Qc5 23. Bxf7+ Kg7 24. Nc7 Ne5 25. Ne6+ Bxe6 26. Bxe6 b5 27. g3 Qd4 28. Kg2 Qxe4+ 29. Kg1 Nd3 30. Rf7+ Kh6 31. Rxe7 Qe3+ 32. Kg2 Qf2+ 33. Kh3 Qf1+ 0-1

[Event "Brasov op"]
[Site "Brasov"]
[Date "2024.07.18"]
[Round "5"]
[White "Van Foreest, Lucas"]
[Black "Lucaci, Alin Marian"]
[Result "1-0"]
[WhiteElo "2535"]
[BlackElo "2035"]
[PlyCount "105"]
[EventDate "2024.07.15"]
[EventType "swiss"]
[EventRounds "9"]
[EventCountry "ROU"]
[SourceTitle "CBM 221 Extra"]
[Source "ChessBase"]
[SourceDate "2024.09.30"]
[SourceVersion "1"]
[SourceVersionDate "2024.09.30"]
[SourceQuality "1"]

1. g3 d5 2. Nf3 Nf6 3. Bg2 e6 4. 0-0 Be7 5. c4 0-0 6. d4 b6 7. cxd5 Nxd5 8. e4 Nf6 9. Nc3 Bb7 10. Qc2 c5 11. dxc5 bxc5 12. Rd1 Nbd7 13. Bg5 Qe8 14. Rac1 Rd8 15. Qa4 a6 16. Bf4 Nb8 17. Qb3 Rxd1+ 18. Rxd1 Qc8 19. Ne5 Nc6 20. Nxc6 Qxc6 21. Qc4 Rd8 22. Rxd8+ Bxd8 23. f3 Nd7 24. Be3 Be7 25. Qa4 Qd6 26. f4 Qd3 27. Kf2 Qd6 28. e5 Qc7 29. b3 Kf8 30. Be4 h6 31. Bd3 Nb8 32. Be4 Nd7 33. h4 f5 34. exf6 Nxf6 35. Bg6 Qd8 36. Qc4 Qd6 37. Ke1 Nd5 38. Ne4 Nxe3 39. Nxd6 Nxc4 40. Nxb7 Ne3 41. Bd3 Ke8 42. Bxa6 Kd7 43. Na5 Kc7 44. Be2 Bf6 45. Kd2 Bd4 46. Bd3 Kb6 47. b4 c4 48. Bxc4 Nxc4+ 49. Nxc4+ Kb5 50. Ne3 e5 51. Kd3 Ba1 52. f5 Bd4 53. g4 1-0

[Event "Brasov op"]
[Site "Brasov"]
[Date "2024.07.16"]
[Round "2"]
[White "Guretchii, Kirill"]
[Black "Van Foreest, Lucas"]
[Result "1/2-1/2"]
[WhiteElo "1958"]
[BlackElo "2535"]
[PlyCount "97"]
[EventDate "2024.07.15"]
[EventType "swiss"]
[EventRounds "9"]
[EventCountry "ROU"]
[SourceTitle "CBM 221 Extra"]
[Source "ChessBase"]
[SourceDate "2024.09.30"]
[SourceVersion "1"]
[SourceVersionDate "2024.09.30"]
[SourceQuality "1"]

1. d4 Nf6 2. c4 e6 3. Nf3 d5 4. Nc3 h6 5. g3 Nc6 6. Bg2 Bd6 7. 0-0 0-0 8. Qc2 dxc4 9. Rd1 a6 10. Ne5 Nb4 11. Qb1 Bxe5 12. dxe5 Nfd5 13. Ne4 Qe7 14. Bxh6 gxh6 15. a3 Kg7 16. axb4 Qxb4 17. Ra3 Rh8 18. Rf3 Bd7 19. Nf6 Bc6 20. Nh5+ Kg8 21. Rd4 Ne7 22. Rg4+ Kf8 23. Rff4 Bxg2 24. Kxg2 Qb5 25. e4 Qxe5 26. Nf6 Rd8 27. h4 Ng8 28. Rg6 Ke7 29. Ng4 Qd4 30. e5 Qd5+ 31. Kh2 Kf8 32. Rxg8+ Rxg8 33. Nf6 Qd3 34. Qe1 c5 35. Qa5 Kg7 36. Qxc5 Rgf8 37. h5 b5 38. Rg4+ Kh8 39. Qe7 Qf5 40. Kg2 b4 41. Rg6 c3 42. Rxh6+ Kg7 43. Rg6+ Kh8 44. g4 Qf4 45. g5 Qf5 46. Rh6+ Kg7 47. Rg6+ Kh8 48. Rh6+ Kg7 49. Rg6+ 1/2-1/2

[Event "Hilversum op"]
[Site "Hilversum"]
[Date "2024.06.21"]
[Round "1"]
[White "Van Foreest, Lucas"]
[Black "Van Hesselingen, Guido"]
[Result "1-0"]
[WhiteElo "2505"]
[BlackElo "2008"]
[PlyCount "61"]
[EventDate "2024.06.21"]
[EventType "swiss"]
[EventRounds "6"]
[EventCountry "NED"]
[SourceTitle "CBM 220 Extra"]
[Source "ChessBase"]
[SourceDate "2024.07.31"]
[SourceVersion "1"]
[SourceVersionDate "2024.07.31"]
[SourceQuality "1"]

1. d4 d5 2. c4 e6 3. Nf3 Nf6 4. g3 Be7 5. Bg2 0-0 6. Nc3 dxc4 7. Ne5 Nc6 8. Bxc6 bxc6 9. Nxc6 Qd6 10. Nxe7+ Qxe7 11. Qa4 Bb7 12. f3 c5 13. Qa3 Rac8 14. Bg5 Rfd8 15. dxc5 Qxc5 16. Qxc5 Rxc5 17. Bxf6 gxf6 18. Kf2 Kf8 19. Rhd1 Rcc8 20. Rxd8+ Rxd8 21. Rd1 Rxd1 22. Nxd1 Ke7 23. Ke3 e5 24. Kd2 Kd6 25. Ne3 Kc5 26. Ng4 e4 27. f4 f5 28. Nh6 Bd5 29. Nxf5 c3+ 30. Kxc3 Bxa2 31. b3 1-0

[Event "FRA-chT Top 16 Haute"]
[Site "Chartres"]
[Date "2024.06.06"]
[Round "1.11"]
[White "Ter Sahakyan, Samvel"]
[Black "Van Foreest, Lucas"]
[Result "1/2-1/2"]
[WhiteElo "2628"]
[BlackElo "2505"]
[PlyCount "48"]
[EventDate "2024.06.06"]
[EventType "team-tourn"]
[EventRounds "4"]
[EventCountry "FRA"]
[SourceTitle "CBM 220 Extra"]
[Source "ChessBase"]
[SourceDate "2024.07.31"]
[SourceVersion "1"]
[SourceVersionDate "2024.07.31"]
[SourceQuality "1"]
[WhiteTeam "Lyon"]
[BlackTeam "Tremblay en France"]
[WhiteTeamCountry "FRA"]
[BlackTeamCountry "FRA"]

1. e4 e5 2. Nf3 Nc6 3. Bc4 Bc5 4. c3 Nf6 5. d3 d6 6. 0-0 a6 7. Re1 Ba7 8. Nbd2 Na5 9. Bb3 Nxb3 10. axb3 0-0 11. Nf1 Ng4 12. d4 exd4 13. cxd4 f5 14. Bg5 Qd7 15. h3 Nf6 16. Bxf6 Rxf6 17. e5 dxe5 18. Rxe5 b5 19. Ng3 Bb7 20. Qe2 g6 21. Re1 Raf8 22. Rd1 Bd5 23. Rd3 Qd6 24. h4 c6 1/2-1/2

[Event "FRA-chT Top 16 GpB"]
[Site "Chartres"]
[Date "2024.06.02"]
[Round "4.11"]
[White "Van Foreest, Lucas"]
[Black "Narayanan, Sunilduth Lyna"]
[Result "1-0"]
[WhiteElo "2505"]
[BlackElo "2695"]
[PlyCount "81"]
[EventDate "2024.05.30"]
[EventType "team-tourn"]
[EventRounds "7"]
[EventCountry "FRA"]
[SourceTitle "CBM 220 Extra"]
[Source "ChessBase"]
[SourceDate "2024.07.31"]
[SourceVersion "1"]
[SourceVersionDate "2024.07.31"]
[SourceQuality "1"]
[WhiteTeam "Tremblay en France"]
[BlackTeam "Mulhouse Philidor"]
[WhiteTeamCountry "FRA"]
[BlackTeamCountry "FRA"]

1. d4 Nf6 2. c4 g6 3. Nc3 Bg7 4. e4 d6 5. Nf3 0-0 6. Be2 Na6 7. 0-0 e5 8. Be3 Qe7 9. Nd5 Qd8 10. Nc3 Qe7 11. Nd5 Nxd5 12. cxd5 exd4 13. Bxd4 Qxe4 14. Bxg7 Kxg7 15. Rc1 Nc5 16. Rc4 Qe7 17. b4 Nd7 18. Rxc7 a5 19. a3 axb4 20. axb4 Qd8 21. Qd4+ Nf6 22. Rfc1 Kg8 23. Rxc8 Rxc8 24. Rxc8 Qxc8 25. Qxf6 Re8 26. Bf1 Qd8 27. Qf4 Kg7 28. h4 Qf6 29. Qd2 Re4 30. b5 h6 31. Qd3 Rb4 32. g3 Qb2 33. h5 g5 34. Qe3 Qf6 35. Kg2 Ra4 36. Be2 Ra2 37. Qe4 Kf8 38. Qc4 Rb2 39. Nd4 Rd2 40. Nf3 Rb2 41. Bd3 1-0

[Event "FRA-chT Top 16 GpB"]
[Site "Chartres"]
[Date "2024.06.01"]
[Round "3.5"]
[White "Van Foreest, Lucas"]
[Black "Ollier, Pablo"]
[Result "1-0"]
[WhiteElo "2505"]
[BlackElo "2301"]
[PlyCount "71"]
[EventDate "2024.05.30"]
[EventType "team-tourn"]
[EventRounds "7"]
[EventCountry "FRA"]
[SourceTitle "CBM 220 Extra"]
[Source "ChessBase"]
[SourceDate "2024.07.31"]
[SourceVersion "1"]
[SourceVersionDate "2024.07.31"]
[SourceQuality "1"]
[WhiteTeam "Tremblay en France"]
[BlackTeam "Medoc Lesparre"]
[WhiteTeamCountry "FRA"]
[BlackTeamCountry "FRA"]

1. c4 e6 2. g3 Nf6 3. Bg2 d5 4. d4 Bb4+ 5. Bd2 Bd6 6. Nf3 c6 7. Qc2 Nbd7 8. b3 0-0 9. Nc3 Qe7 10. 0-0 dxc4 11. bxc4 e5 12. e3 Re8 13. Rab1 h6 14. Nh4 g6 15. Kh1 Nf8 16. dxe5 Bxe5 17. f4 Bxc3 18. Bxc3 Ne4 19. Ba1 f6 20. c5 f5 21. Rfd1 Kh7 22. Qb2 Nd7 23. Bxe4 Qxe4+ 24. Kg1 Rg8 25. Qxb7 Qxe3+ 26. Kf1 Rg7 27. Qxa8 Ba6+ 28. Kg2 Qe2+ 29. Kh1 Bd3 30. Rxd3 Qxd3 31. Rg1 Qd5+ 32. Ng2 Rg8 33. Qxa7 Re8 34. Qa3 Re2 35. Qc3 Ne5 36. Qd4 1-0